| 000 | 00997nam a2200277 i 4500 | ||
|---|---|---|---|
| 001 | 000047468 | ||
| 003 | DO-SdBNP | ||
| 005 | 20250422141551.0 | ||
| 007 | ta | ||
| 008 | 180606s2017 dr 000 spa d | ||
| 020 | _a9789945907247 | ||
| 040 |
_aDO-SdBNP _bspa _cBNPHU _erda |
||
| 082 | 4 | _222 | |
| 100 | 1 |
_aCaamaño, Álvaro A. _d1951- _eautor _978208 |
|
| 245 | 1 | 0 |
_aCrisis de la dominación oligárquico-burguesa (1961-1966). / _cAlvaro A. Caamaño, Ramón E. Paniagua Herrera ; prólogo, Carlos Andújar |
| 264 |
_aSanto Domingo : _bArchivo General de la Nación, _c2017. |
||
| 300 |
_a153 páginas : _bilustraciones ; _c24 cm. |
||
| 336 |
_2rdacontent _atexto _btxt |
||
| 337 |
_2rdamedia _asin mediación _bn |
||
| 338 |
_2rdacarrier _avolumen _bnc |
||
| 500 | _aIncluye referencias bibliográficas y notas al pie de las páginas | ||
| 590 | _aInventariado, 2018/DG | ||
| 700 |
_aPaniagua Herrera, Ramón E. _975093 |
||
| 700 | 1 |
_aAndújar, Carlos, _eprólogo _984586 |
|
| 942 |
_2ddc _cLBS1 |
||
| 999 |
_c46956 _d46956 |
||